Guess Where You Are In Google Maps #2 - Statistics

General Stats
  • This quiz has been taken 586 times
  • The average score is 10 of 20
Answer Stats
Answer % Correct
China
90%
Turkey
86%
Istanbul
85%
Shanghai
85%
United States
76%
Spain
59%
Sevilla
49%
Stockholm
43%
Sweden
43%
Italy
39%
Mexico
38%
Mexico City
38%
Napoli
37%
Cairo
36%
Egypt
36%
Chile
33%
Santiago
32%
New Zealand
31%
Auckland
30%
Minneapolis
11%
No matching quizzes found
Score Distribution
Percent of People with Each Score
Percentile by Number Answered
Your Score History
You have not taken this quiz